000
00331nam a2200133Ia 4500
008
130318s9999 xx 000 0 und d
020
_a
0471429392
082
_a
001.42 SPA/R
100
_a
Spata, Andrea
245
_a
Research methods: Science and discovery
260
_b
Wiley
_c
2003
300
_a
336
650
_a
RESEARCH METHODOLOGY
999
_c
685
_d
685